All languages of Russia with a map - Statistics

General Stats
  • This quiz has been taken 648 times
  • The average score is 23 of 46
Answers on the Map
Answers color-coded by a green-red scale on the quiz's map according to % correct below.
 
Answer Stats
Speakers(L1+L2) Language % Correct
258m Russian
98%
4.8m Tatar
91%
1.5m Chechen
86%
35k Karelian
82%
350k Ossetian
81%
450k Yakut
75%
110k Kalmyk
73%
1.1m Bashkir
71%
100k Komi
70%
130k Tuvan
70%
60k Crimean Tatar
68%
38k Nenets
68%
700k Chuvash
66%
350k Buryat
65%
320k Mari
65%
350k Ingush
64%
255k Udmurt
63%
610k Adyghe
62%
65k Altai
61%
8k Chukchi
60%
650k Avar
57%
300k Karachay-Balkar
51%
14k Khanty
48%
300k Erzya
45%
2k Mansi
45%
130k Moksha
43%
29k Khakas
42%
86k Nogai
42%
600k Kabardian
41%
3.6k Veps
38%
6k Even
37%
650k Lezgin
36%
520k Kumyk
34%
1.3k Nivkh
33%
16k Evenki
32%
63k Komi-Permyak
32%
50k Abaza
26%
360k Dargin
25%
90k Lak
25%
1.6k Koryak
20%
120k Tabasaran
20%
33k Rutul
19%
33k Aghul
17%
15k Tsez
11%
22k Andi
10%
3k Shor
10%
No matching quizzes found
Score Distribution
Percent of People with Each Score
Percentile by Number Answered
Your Score History
You have not taken this quiz